000 00316nam a2200133 i 4500
001 bg
100 1 _aLATEK, Władysław
245 0 _aTeoria maszyn elektrycznych /
_cWładysław Latek.
260 _aWarszawa,
_c1982.
040 _cBPK
041 _apol
942 _cKS
008 s pl f |000 0 pol
999 _c20701
_d20701
856 _uhttp://koha.tu.koszalin.pl/cgi-bin/koha/opac-detail.pl?biblionumber=20701
_yKatalog online BPK